Over hills and mountains (Record no. 9117)

MARC details
000 -LEADER
fixed length control field 00845nam a22002177a 4500
003 - CONTROL NUMBER IDENTIFIER
control field OSt
005 - DATE AND TIME OF LATEST TRANSACTION
control field 20260313070611.0
008 - FIXED-LENGTH DATA ELEMENTS--GENERAL INFORMATION
fixed length control field 260313b |||||||| |||| 00| 0 eng d
020 ## - INTERNATIONAL STANDARD BOOK NUMBER
International Standard Book Number 977-971-9408-2-1
040 ## - CATALOGING SOURCE
Original cataloging agency DWCL GS lib
Transcribing agency OC
082 ## - DEWEY DECIMAL CLASSIFICATION NUMBER
Classification number M578 2011
100 ## - MAIN ENTRY--PERSONAL NAME
Personal name MESIAS, LADIE
245 ## - TITLE STATEMENT
Title Over hills and mountains
Statement of responsibility, etc. LADIE MESIAS
260 ## - PUBLICATION, DISTRIBUTION, ETC.
Place of publication, distribution, etc. Naga City
Name of publisher, distributor, etc. A.M.S. Press
Date of publication, distribution, etc. 2011
300 ## - PHYSICAL DESCRIPTION
Extent 173 p
Dimensions 17 cm
520 ## - SUMMARY, ETC.
Summary, etc. They encounter harsh weather and breathtaking, treacherous scenery.
650 ## - SUBJECT ADDED ENTRY--TOPICAL TERM
Topical term or geographic name entry element It emphasizes that while the ascent is physically and mentally demanding, it is the process that builds resilience, character, and wisdom.
650 ## - SUBJECT ADDED ENTRY--TOPICAL TERM
Topical term or geographic name entry element The metaphorical journey "over hills and mountains" represents life’s challenges, personal growth, and the pursuit of goals.
700 ## - ADDED ENTRY--PERSONAL NAME
Personal name LADIE MESIAS
942 ## - ADDED ENTRY ELEMENTS (KOHA)
Source of classification or shelving scheme Dewey Decimal Classification
Koha item type Fiction
Suppress in OPAC No

No items available.